| 000 | 01957nam a2200505 a 4500 | ||
|---|---|---|---|
| 001 | vtls000358524 | ||
| 003 | NLI | ||
| 005 | 20210602172446.0 | ||
| 008 | 110113s2009 ii e 001 0 eng d | ||
| 020 |
_a9788183161411 (pbk.) _cRs. 150.00 |
||
| 020 |
_a9788183161510 _cRs.250.00(c.3) |
||
| 039 | 9 |
_a201902251354 _bsupriyas _c201902131235 _dgoutamg _c201902121146 _dpallabp _y201101132102 _zVLOAD |
|
| 040 |
_aNLI : _beng _cNLMARC21 |
||
| 041 | 0 | _aeng | |
| 044 | _aii | ||
| 082 | 0 | 4 |
_a373.28 _222 |
| 100 | 1 |
_aVanja, M. _9534569 |
|
| 245 | 1 | 0 |
_aCompetitiveness and cooperativeness of secondary school students / _cM. Vanja, Anbu Selvi |
| 260 |
_aNew Delhi : _bNeelkamal Pubs., _c2009 |
||
| 300 |
_aviii, 120 p.; _c22 cm. |
||
| 500 | _aIncludes index | ||
| 504 | _aBibliographical references: p. 112-116 | ||
| 650 | 0 |
_aEducation, Secondary _zIndia _9201261 |
|
| 650 | 0 |
_aEducation, Cooperative _xStudy and teaching (Secondary) _9534570 |
|
| 650 | 0 |
_aHigh school students _zIndia _9534571 |
|
| 650 | 0 |
_aHigh school students _zIndia _xAttitude _9534572 |
|
| 650 | 0 |
_aCooperativeness _zIndia _xStudy and teaching (Secondary) _9534573 |
|
| 650 | 0 |
_aCompetition (Psychology) _xStudy and teaching (Secondary) _9534574 |
|
| 700 |
_aSelvi, Anbu _9534575 |
||
| 887 | _aprasenjit Sanni | ||
| 901 |
_aDB120542 _b15.9.10 |
||
| 901 |
_aDB162182 (cop.2) : _b28.07.2016 |
||
| 901 |
_aDB162099(cop.3) : _b21.07.2016 |
||
| 902 | _aE 373.28 V 319 | ||
| 904 | _aprasenjit | ||
| 904 | _aPallab Paul | ||
| 904 | _aGoutam Goswami | ||
| 905 | _aSanni | ||
| 942 |
_2ddc _cBKS |
||
| 949 |
_AVIRTUAITEM _D10000 _F2 _X100 _6DBA000162182ENG _eDB162182 |
||
| 949 |
_AVIRTUAITEM _D10000 _F3 _X100 _6DBA000162099ENG |
||
| 949 |
_AVIRTUAITEM _D10000 _X100 _6DBA000120542ENG |
||
| 999 |
_aVIRTUA40 _c318655 _d318655 |
||
| 999 | _aVTLSSORT0080*0200*0201*0400*0410*0440*0820*1000*2450*2600*3000*5000*5040*6500*6501*6502*6503*6504*6505*7000*8520*9010*9011*9012*9020*9040*9041*9042*9050*9490*9992 | ||